000 00427nam a2200157 4500
001 126893
003 ES-MaACL
005 20230906192911.0
007 t|
008 070214s1927 po r ||||1| por d
100 1 _aRibeiro, Herlandér.
_996754
245 1 0 _aCrónicas da Rússia dos Soviets /
_cHerlandér Ribeiro.
260 _aLisboa :
_bGrafica,
_c1927.
300 _a203 p. ;
_c19 x 12 cm.
852 _aES-MaACL
_jA-3465
999 _c126893
_d126893